000 00605nam a2200205Ia 4500
005 20250508165231.0
008 008 250505s9999 xx 000 0 eng d
037 _aReference
040 _aFEDL
_beng
_cFEDL
041 _aeng
_2eng
084 _a371.2, WHI/RR
_qFEDL
100 _aWhitehead Bruce M
_9780225
245 0 _aPrincipal: Leadership for a global society
260 _aThousand Oaks, Calfornia
_bSage
_c2013
300 _axxvi, 493p.
365 _aUSD
_b97
700 _a Boschee Floyd Decker Robert H
_9780226
942 _cREF
_h371.2, WHI/RR
999 _c1393963
_d1393963